| 000 | 01298nac a22003615a 4500 | ||
|---|---|---|---|
| 999 |
_c16474 _d16474 |
||
| 003 | EG-ScBUE | ||
| 005 | 20201014150203.0 | ||
| 008 | 120216t2012 enka f bd 001 0 eng d | ||
| 020 | _a0273751352 | ||
| 020 | _a9780273751359 | ||
| 040 |
_aEG-ScBUE _beng _erda _cEG-ScBUE _dEG-ScBUE |
||
| 082 | 0 | 4 |
_a624.1821 _bMCC _222 |
| 100 | 1 |
_aMcCormac, Jack C., _eauthor. _912678 |
|
| 245 | 1 | 0 |
_aStructural steel design / _cJack C. McCormac, Stephen F. Csernak ; contributions by Manojkumar V. Chitawadagi. |
| 250 | _aFifth edition. | ||
| 250 | _aInternational edition. | ||
| 264 | 1 |
_aHarlow, England : _bPearson Education Limited, _c2012. |
|
| 300 |
_a736 pages : _billustrations ; _c23 cm. |
||
| 336 |
_2rdacontent _atext _btxt |
||
| 337 |
_2rdamedia _aunmediated _bn |
||
| 338 |
_2rdacarrier _avolume _bnc |
||
| 490 | 0 | _aAlways learning | |
| 500 | _aIncludes glossary. | ||
| 504 | _aIncludes bibliographical references and index. | ||
| 590 | _acatalogued by : Mostafa El-Helaly | ||
| 650 | 7 |
_aBuilding, Iron and steel. _2BUEsh _928949 |
|
| 650 | 7 |
_aSteel, Structural. _2BUEsh _928950 |
|
| 653 |
_cAugust2015 _bENGCIV |
||
| 655 |
_vReading book _934232 |
||
| 700 | 1 |
_aCsernak, Stephen F., _eauthor. _928946 |
|
| 700 | 1 |
_aChitawadagi, Manojkumar V., _eauthor. _928947 |
|
| 942 |
_cBB _k624.1821 MCC _2ddc |
||